Manual de practica forense disciplinaria / (Registro nro. 19876)

Detalles MARC
000 -LEADER
fixed length control field 01215nam a2200313 4500
001 - CONTROL NUMBER
control field 0000020891
003 - CONTROL NUMBER IDENTIFIER
control field CO-CtgCURN
005 - DATE AND TIME OF LATEST TRANSACTION
control field 20250331184438.0
007 - PHYSICAL DESCRIPTION FIXED FIELD--GENERAL INFORMATION
fixed length control field ta
008 - FIXED-LENGTH DATA ELEMENTS--GENERAL INFORMATION
fixed length control field 160627s2001 000 0 eng d
020 ## - INTERNATIONAL STANDARD BOOK NUMBER
International Standard Book Number 9586761355 (V1)
020 ## - INTERNATIONAL STANDARD BOOK NUMBER
International Standard Book Number 9586761347 (v2)
040 ## - CATALOGING SOURCE
Original cataloging agency CO-CtgCURN
Language of cataloging spa
Transcribing agency coctgcurn
082 0# - DEWEY DECIMAL CLASSIFICATION NUMBER
Classification number 345.05
Item number M34m
100 1# - MAIN ENTRY--PERSONAL NAME
Personal name Mejia Ossman, Jaime.
245 10 - TITLE STATEMENT
Title Manual de practica forense disciplinaria /
Statement of responsibility, etc. Jaime Ossman Mejia.
260 ## - PUBLICATION, DISTRIBUTION, ETC.
Place of publication, distribution, etc. Bogotá :
Name of publisher, distributor, etc. Ediciones Doctrina y Ley,
Date of publication, distribution, etc. 2001.
300 ## - PHYSICAL DESCRIPTION
Extent 2 v.: il.
336 ## - CONTENT TYPE
Source rdacontent
337 ## - MEDIA TYPE
Source rdamedia
Media type term sin mediacion
Media type code n
338 ## - CARRIER TYPE
Source rdacarrier
Carrier type term volumen
Carrier type code nc
505 8# - FORMATTED CONTENTS NOTE
Formatted contents note Contenido: v.1 Cartilla elemental del proceso disciplinario.--Cuadros sobre inhabilidades para ejercer cagos publicos. -- v.2 Sentencias de la Corte Constitucional sobre el Código disciplinario unico.--Suplemento normativo
650 14 - SUBJECT ADDED ENTRY--TOPICAL TERM
Topical term or geographic name entry element Derecho administrativo.
908 ## - PUT COMMAND PARAMETER (RLIN)
Put command parameter 160627
942 ## - ADDED ENTRY ELEMENTS (KOHA)
Koha item type Libros
Classification part 345.05
Item part M34m
Source of classification or shelving scheme Dewey Decimal Classification
Existencias
Withdrawn status Lost status Source of classification or shelving scheme Damaged status Not for loan Collection Home library Current library Shelving location Date acquired Inventory number Total checkouts Full call number Barcode Date last seen Copy number Price effective from Koha item type Public note
    Dewey Decimal Classification     General Miguel Henríquez Castañeda Miguel Henríquez Castañeda General 03/31/2025 004773   345.05 M34m 004773 03/31/2025 v.1 ej.1 03/31/2025 Libros 340-DEREC
    Dewey Decimal Classification     General Miguel Henríquez Castañeda Miguel Henríquez Castañeda General 03/31/2025 004774   345.05 M34m 004774 03/31/2025 v.2 ej.1 03/31/2025 Libros 340-DEREC